000 00635nas a2200217 i 4500
001 2639
003 ES-MaACL
005 20250709062526.0
008 950801d1860 sp a| | 1 ||pa d
022 _a1886-0567
080 _a(059)(460)
245 0 0 _aAlmanaque político y literario de La Iberia.
260 _aMadrid :
_bImprenta y Redacción de La Iberia,
_c1860-
300 _av ;
_c21 cm.
310 _aAnual
362 0 _a1. año (1860)-
852 _aES-MaACL
_jC-3454
_z- (1861)
852 _aES-MaACL
_jD-2856(2-3)
_z- (1861, 1862)
_z- Legado Modesto Lafuente
866 0 _o1861-62.
999 _c2639
_d2639